Legislatívne možnosti podnikania miestnych samospráv

Výkon podnikateľskej činnosti obce a postavenie, ktoré obci vyplýva zo zákona. Legislatívne možnosti podnikania obcí, ako verejnoprávnych korporácii pôsobiacich na miestnej úrovni.

Saved in:
Bibliographic Details
Main Author: Hudec, Ján
Format: Book Chapter
Language:Slovak
Subjects:
Tags: Add Tag
No Tags, Be the first to tag this record!

MARC

LEADER 00000nla$a2200000$$$4500
001 0145752
005 20221103134548.4
041 0 |a slo 
044 |a SK 
245 1 0 |a Legislatívne možnosti podnikania miestnych samospráv  |c Ján Hudec 
520 |a Výkon podnikateľskej činnosti obce a postavenie, ktoré obci vyplýva zo zákona. Legislatívne možnosti podnikania obcí, ako verejnoprávnych korporácii pôsobiacich na miestnej úrovni. 
610 2 0 |a samospráva miestna 
610 2 0 |a obce 
610 2 0 |a rozvoj regionálny 
610 2 0 |a zámery podnikateľské 
610 2 0 |a podnikanie 
610 2 0 |a podnikanie sociálne 
610 2 0 |a hospodárstvo miestne 
610 2 0 |a legislatíva 
610 2 0 |a zákony 
100 1 |a Hudec, Ján